Statistics for Countries, US States, Capitals, Elements, 100 Most Common Words: reversed, by alphabetical order

Click here to take the quiz!

General Stats

  • This quiz has been taken 234 times
  • The average score is 20 of 50

Answer Stats

ANSWER% Correct
A
99%
zudaV
61%
ytiC alametauG
60%
ytiC amanaP
59%
ytiC nacitaV
59%
ytiC nacitaV
59%
ytiC ocixeM
59%
ytiC tiawuK
58%
abuJ
57%
ynamreG
57%
abuC
56%
ababA siddA
51%
adanerG
49%
a'anaS
48%
ytiC amohalkO
48%
ytiC nosreffeJ
48%
ynablA
46%
ylatI
45%
adanaC
44%
ytiC nosraC
44%
acinimoD
43%
yragnuH
43%
ytiC ekaL tlaS
43%
aeniuG
41%
aeroK htuoS
40%
aciR atsoC
38%
aeroK htroN
38%
ynA
38%
aeniuG lairotauqE
36%
aeniuG weN aupaP
35%
acirfA htuoS
33%
yemaiN
33%
ykcutneK
33%
adirolF
32%
aertirE
31%
yesreJ weN
31%
ynomitnA
31%
adubraB dna augitnA
30%
adaveN
29%
yrkanoC
28%
adnagU
26%
adnawR
26%
yM
26%
aciamaJ
25%
afola'ukuN
23%
ylnO
23%
adnauL
21%
yremogtnoM
20%
yrucreM
17%
acirogdoP
14%

Score Distribution

Percentile by Number Answered

Percent of People with Each Score

Your Score History

You have not taken this quiz